00547 2200193 4500001002100000005001500021035002000036245003000056100001400086250002000100300003200120856001800152260006500170082001800235084002400253020002200277650002800299650002600327INLIS00000000000006020250710115903 a0010-07250000601 aPenabuh gong /cSaptorini0 aSaptorini aCetakan pertama a28 hlm. :bIlus. ;c29,7 cm aTBM As suhada aRawamangun :bBadan pengembangan dan pembinaan bahasa,c2024 a398.209 598 2 a398.209 598 2 SAP p a978-623-307-190-1 4aCerita anak-jawa tengah 4aLiterasi-bahan bacaan